000
00375nam a2200169Ia 4500
003
0STCL
008
150530s9999 xx 000 0 und d
040
_a
STCL
_c
STCL
100
_a
Hickman, C.P.
245
_a
Integrated principles of zoology
250
_a
Fourth
260
_c
1970
546
_a
English
942
_2
ddc
_c
BK
999
_c
37331
_d
37331
005
20220125170418.0